Przysłowia przy piciu alkoholu. - Statystyki

Ogólne statystyki
  • Ten quiz został rozwiązany 1 626 razy
  • Średni wynik to 4 z 8
Statystyki odpowiedzi
Hint Odpowiedź % Poprawnych
Chluśniem... bo uśniem
94%
Rym cym cym z... dupy dym
53%
Człowiek nie wielbłąd... napić się musi
53%
Po szklanie i... na rusztowanie
50%
Siup w ten... głupi dziób
42%
Łykniem bo... odwykniem
35%
Zdrowie wasze... w gardła nasze
28%
Kręci beton... betoniara
16%
Nie znaleziono quizów pasujących do podanych kryteriów
Rozkład punktacji
Procent ludzi z każdym wynikiem
Percentyl według liczby udzielonych odpowiedzi
Twoja historia wyników
Nie rozwiązałeś tego quizu